000 00370nam a2200133Ia 4500
008 220217s9999||||xx |||||||||||||| ||und||
020 _a978-0-07-014614-3
082 _a620.1 NEL
100 _aNelson, A
245 0 _aengineering mechanics statics and dynamics
260 _aTata mcgraw hill company Ltd
_bNew Delhi
_c2010
300 _b350
650 _aMECHANICS
999 _c180288
_d180288